000 00369cam a2200157ua 4500
041 _aeng
_h
082 _a534
_bWOO/AC
100 _aWood, Alexander .
245 _aAcoustics /
_cAlexander wood.
_hTextual Documents
250 _a1 /
_b.
260 _aLondon :
_bBlackie & Son Ltd ,
_c1963.
300 _a105 ; .
504 _a
942 _cBK
999 _c7249
_d7249